La prueba pericial psicolg̤ica en los delitos de abuso sexual infantil

Detalles Bibliográficos
Autor principal: Macurǹ Nodarse, Greter
Formato: eBook
Lenguaje:español
Publicado: Chile: Editorial jurd̕ica de Chile, 2011
Materias:
Acceso en línea:Acceso restringido

MARC

LEADER 00000nam a22000007a 4500
005 20120612173239.0
007 cr|||| ||||
008 120612s2011 cl |||||s|||| 00||0 spa d
020 |a 978-956-10-2140-2 
035 |a 6174 
040 |a vLex 
090 |c 3166  |d 3166 
100 1 |a Macurǹ Nodarse, Greter 
245 1 3 |a La prueba pericial psicolg̤ica en los delitos de abuso sexual infantil  |h [Recurso electrn̤ico] /  |c Greter Macurǹ Nodarse  
256 |a Servicio en ln̕ea 
260 |a Chile:   |b Editorial jurd̕ica de Chile,  |c 2011 
300 |a 1 recurso electrn̤ico 
506 1 |a Contenido solo disponible en los productos indicados  |d vLex Global   |d vLex Global (Academic Edition, excluding Law Schools)   |d vLex Global (U.S. Academic Edition, Law Schools)   |d vLex Global (U.S. Academic Edition, excluding Law Schools)   |d vLex Global (Academic Edition, Law Schools)  
650 0 4 |a Delitos sexuales  |z Chile 
650 0 4 |a Prueba pericial  |z Chile 
740 0 |a vLex Libros (Servicio en ln̕ea) 
856 4 0 |u http://vlex.com/source/6174  |z Acceso restringido 
942 |c BOOK 
999 0 |a  Evidence, Expert 
999 0 |a Sex crimes